Statistics for Dallas Mavericks NBA All-Stars

Click here to take the quiz!

General Stats

  • This quiz has been taken 803 times
    (714 since last reset)
  • The average score is 6 of 10

Answer Stats

Players#Last% Correct
Dirk Nowitzki142019
99%
Luka Dončić52024
97%
Jason Kidd22010
90%
Steve Nash22003
81%
Mark Aguirre31988
55%
Michael Finley22001
49%
Rolando Blackman41990
49%
Josh Howard12007
26%
James Donaldson11988
23%
Chris Gatling11997
13%

Score Distribution

Percentile by Number Answered

Percent of People with Each Score

Your Score History

You have not taken this quiz since the last reset